00739nam a22002417a 450000500170000000800410001702000180005803700150007604000350009104100080012608200140013410000300014824500560017826000570023430000250029150000530031665000360036965000260040565000310043194200120046299900170047495200060049120240228145144.0230124b |||||||| |||| 00| 0 eng d a9780451218469 3Donación aCO-JMCRcCO-JMCRdCO-JMCRerda aeng04aA-NbSHOb1 aShors, Johneautor94269310aBeneath a marble sky : ba love story /cJohn Shors aUnited States of AmericabNew American Libraryc2006 a344 páginasc21 cm aIncluye nota de autor -- Incluye guia del lector 2JMCRaLiteratura estadounidense aNovela estadounidense aAmor en la literatura9634 2ddccBK c30009d16393 00